MARC
| LEADER | 00000cam a2200000 7i4500 | ||
|---|---|---|---|
| 001 | 0000004540 | ||
| 002 | 000004895 | ||
| 005 | 20000330.0 | ||
| 020 | |a 0712650962 | ||
| 090 | 0 | 0 | |a 746.432 |b FAS |
| 100 | 1 | |a Fassett, Kaffe | |
| 245 | 1 | 0 | |a Glarious colour : |b sources of inspration for knitting and needlepimt with 17 projects |c Kaffe Fassett ; photography by steve lori |
| 260 | |a London : |b Century , |c 1989 | ||
| 300 | |a 159 p. : |b ill. ; |c 31 cm. | ||
| 650 | 0 | 0 | |a Knitting |
| 700 | 1 | |a Lovi, Steve , |e Photography | |
| 999 | |a 032720 |b BUKU |c PINJAMAN |e PERPUSTAKAAN KOMUNITI PETALING JAYA | ||